O Processo de Execuȯ́ das Dv̕idas ̉Seguranȧ Social

Detalles Bibliográficos
Autor principal: Silveira Costa Fernandes, Cristina Kellen
Formato: Desconocido
Lenguaje:portugués
Publicado: Porto : Elcla, 2007
Acceso en línea:Acceso restringido

MARC

LEADER 00000ny a22000003n 4500
005 20110622121714.0
008 080821s2007 po s 000 0 por d
020 |a 9727491588 
035 |a 2244 
040 |a UMA.RE  |d vLex 
080 |a 336.04(469)(0.034):004 
080 |a 369(469)(0.034):004 
090 |c 996  |d 996 
100 1 |a Silveira Costa Fernandes, Cristina Kellen 
245 1 2 |a O Processo de Execuȯ́ das Dv̕idas ̉Seguranȧ Social  |h [Recurso electrn̤ico]  |c Cristina Kellem Silveira Costa Fernandes 
256 |a Servicio en ln̕ea 
260 |a Porto :  |b Elcla,  |c 2007 
506 1 |a Contenido solo disponible en los productos indicados  |d vLex Global  |d vLex Global (Academic Edition, excluding Law Schools)  |d vLex Global (U.S. Academic Edition, Law Schools)  |d vLex Global (U.S. Academic Edition, excluding Law Schools)  |d vLex Global (Academic Edition, Law Schools) 
740 0 |a vLex Libros (Servicios en ln̕ea) 
856 4 0 |u http://vlex.com/source/2244  |z Acceso restringido 
942 |c BOOK 
999 0 4 |a Fraude fiscal  |z Portugal  |v En ln̕ea 
999 0 4 |a Seguridad Social  |z Portugal  |v En ln̕ea